Lord of the Rings Trivia #4 - Statistics

General Stats
  • This quiz has been taken 197 times
  • The average score is 7 of 15
Answer Stats
Hint Answer % Correct
The tower in the middle Isengard? Orthanc
90%
What took Moria from the Dwarves? A Balrog
88%
Who killed both Elendil and Gil-Galad? Sauron
84%
Easy one, Luthien and... Beren One-Hand
75%
The group of beings that the Ents are looking for? Entwives
68%
The strongest of the Noldor? Feanor
59%
Which elf was the leader of Eregion? Celebrimbor
50%
The main editor of Tolkiens works published posthumously and HoME Christopher Tolkien
49%
Glaurung took over which Elven Kingdom? Nargothrond
30%
The wife of Turin Turambar? Nienor
30%
What is the name of the dwarf that Turin and his outlaws met? Mim
29%
The 2nd Kinslaying was where? Doriath
27%
The group of Numenoreans that opposed the Kings Men? The Faithful
24%
The High King of the Elves? Ingwe
17%
The groups of Elves are the Noldor, the Teleri, and the ... Avari
10%
No matching quizzes found
Score Distribution
Percent of People with Each Score
Percentile by Number Answered
Your Score History
You have not taken this quiz